Arsenal FC connais tu vraiment ce club ? - Statistiques

Statistiques générales
  • Ce quiz a été pris 207 fois
  • Le résultat moyen est 9 sur 10
Statistiques - réponses
Question Réponse % Correct
Quel est le surnom de cette équipe ? Les Gunners
99%
Quel est leur terrain à domicile ? L'Emirates Stadium
98%
De quel ville est issue cette équipe ? Londres
98%
En quelle divisions évolue Arsenal ? Premier League
98%
Lequel de ces joueurs n'a jamais joué à Arsenal ? David Beckham
96%
Comment s'appelait l'ancien stade de cette équipe ? Highbury
95%
Laquelle de ces images représente la mascotte de cette équipe.
93%
Pourquoi le logo d'Arsenal est il un canon sur un fond rouge ? Car les fondateurs étaient des ouvriers d'une usine d'armement anglaise
90%
Quand l'équipe de Arsenal fut créé ? le 11 décembre 1886
67%
Quel fut le 1er nom de cette équipe ? Les Dial Square
33%
Aucun quiz correspondant
Distribution des résultats
% des personnes avec chaque résultat
Percentile par nombre de réponses
Votre historique - résultats
Vous n’avez pas pris ce quiz